Yesterday in sports; (Record no. 550684)

000 -LEADER
fixed length control field 00460cam a2200145u 4500
082 ## - DEWEY DECIMAL CLASSIFICATION NUMBER
Classification number 796.08
Author Mark YES
245 10 - TITLE STATEMENT
Title Yesterday in sports;
Statement of responsibility, etc. memorable glimpses of the past as selected from the pages of Sports illustrated.
260 ## - PUBLICATION, DISTRIBUTION, ETC.
Place of publication, distribution, etc. New York,
Name of publisher, distributor, etc. Barnes
Date of publication, distribution, etc. [1956]
300 ## - PHYSICAL DESCRIPTION
Extent 136 p.
Other physical details illus.
Dimensions 32 cm.
526 ## - STUDY PROGRAM INFORMATION NOTE
Program name 0
Interest level 0
Reading level 0
Title point value 796_080000000000000_YES
650 #0 - SUBJECT ADDED ENTRY--TOPICAL TERM
Topical term or geographic name entry element MCE
9 (RLIN) 379
650 #0 - SUBJECT ADDED ENTRY--TOPICAL TERM
Topical term or geographic name entry element Sports
General subdivision History.
9 (RLIN) 47419
700 1# - ADDED ENTRY--PERSONAL NAME
Personal name Durant, John,
9 (RLIN) 47420
942 ## - ADDED ENTRY ELEMENTS (KOHA)
Source of classification or shelving scheme
Koha item type Book
Holdings
Withdrawn status Lost status Source of classification or shelving scheme Damaged status Not for loan Permanent Location Current Location Date acquired Total Checkouts Full call number Barcode Date last seen Price effective from Koha item type
          Military College of Engineering (MCE) Military College of Engineering (MCE) 11/19/2014   796.08 YES MCE-40071 11/19/2014 11/19/2014 Book
© 2023 Central Library, National University of Sciences and Technology. All Rights Reserved.